| 000 | 00803nam a2200301Ia 4500 | ||
|---|---|---|---|
| 001 | Para_9326 | ||
| 003 | CHAP | ||
| 008 | 220125s1993 xx 000 0 und d | ||
| 010 | _a207929 | ||
| 040 | _cCHAP | ||
| 082 | _a595.4 L4 | ||
| 100 |
_aLevi, Herbert W. _9174386 |
||
| 245 |
_aArácnidos y otros artrópodos / _c por Herbert. W. Levi y Lornar R. Levi |
||
| 260 |
_aMéxico, D.F. : _b Trillas |
||
| 300 | _a168 p. | ||
| 440 |
_a(Guías del saber) _951509 |
||
| 503 | _aC/e (ej.1) \ C/e (ej.2) | ||
| 650 |
_aAracnidos _97284 |
||
| 650 |
_aArtropodos _97782 |
||
| 700 |
_aLevi, Lornar R. _9174387 |
||
| 901 | _a595.4 L4 | ||
| 902 | _aM | ||
| 905 | _a0000001993 a 0000000000 00 | ||
| 910 | _a1993 | ||
| 942 | _cPARA | ||
| 942 |
_cPARA _d1 |
||
| 999 |
_c207929 _d207929 |
||